000
00310nam a22001217a 4500
020
_a
9789381450888
082
_a
631.587
_b
BAL/HA
100
_a
Balram, Panigrahi
_9
882
245
_a
A Handbook on Irrigation and Drainage
260
_a
New Delhi
_b
New India Publishing Agency
_c
2013
300
_a
602
942
_c
BK
999
_c
14508
_d
14508